<?xml version="1.0" encoding="UTF-8"?>
<collection xmlns="http://www.loc.gov/MARC21/slim">
 <record>
  <leader>01905nam a22002897a 4500</leader>
  <controlfield tag="001">NCT_66148</controlfield>
  <controlfield tag="008">190812b        xxu||||| |||| 00| 0 vie d</controlfield>
  <datafield tag="999" ind1=" " ind2=" ">
   <subfield code="c">3200</subfield>
   <subfield code="d">3200</subfield>
  </datafield>
  <datafield tag="020" ind1=" " ind2=" ">
   <subfield code="a">9786046241720</subfield>
   <subfield code="c">136000</subfield>
  </datafield>
  <datafield tag="082" ind1="0" ind2="4">
   <subfield code="2">23rd ed.</subfield>
   <subfield code="a">340.09</subfield>
   <subfield code="b">Qu250</subfield>
  </datafield>
  <datafield tag="100" ind1="1" ind2=" ">
   <subfield code="a">Hoàng Thị Kim Quế</subfield>
   <subfield code="e">Chủ biên</subfield>
  </datafield>
  <datafield tag="245" ind1="1" ind2="0">
   <subfield code="a">Lịch sử tư tưởng chính trị - pháp lý : </subfield>
   <subfield code="b">Sách chuyên khảo</subfield>
   <subfield code="c">Hoàng Thị Kim Quế, Nguyễn Đăng Dung (đồng chủ biên)</subfield>
  </datafield>
  <datafield tag="260" ind1=" " ind2=" ">
   <subfield code="a">H.</subfield>
   <subfield code="b">Đại học Quốc gia Hà Nội </subfield>
   <subfield code="c">2016</subfield>
  </datafield>
  <datafield tag="300" ind1=" " ind2=" ">
   <subfield code="a">658 tr. </subfield>
   <subfield code="c">24cm</subfield>
  </datafield>
  <datafield tag="500" ind1=" " ind2=" ">
   <subfield code="a">ĐTTS ghi: Đại học Quốc gia Hà Nội. Khoa Luật</subfield>
  </datafield>
  <datafield tag="520" ind1="3" ind2=" ">
   <subfield code="a">Cuốn sách cung cấp những kiến thức cơ bản về lịch sử tư tưởng chính trị - pháp lý của một số quốc gia trên thế giới và Việt Nam trải dài qua các giai đoạn lịch sử từ cổ đại đến hiện đại.</subfield>
  </datafield>
  <datafield tag="653" ind1=" " ind2=" ">
   <subfield code="a">Luật học</subfield>
  </datafield>
  <datafield tag="700" ind1="1" ind2=" ">
   <subfield code="a">Nguyễn Đăng Dung</subfield>
   <subfield code="e">Đồng chủ biên</subfield>
  </datafield>
  <datafield tag="700" ind1="1" ind2=" ">
   <subfield code="a">Đặng Minh Tuấn</subfield>
  </datafield>
  <datafield tag="700" ind1="1" ind2=" ">
   <subfield code="a">Đỗ Đức Minh</subfield>
  </datafield>
  <datafield tag="700" ind1="1" ind2=" ">
   <subfield code="a">Mai Văn Thắng</subfield>
  </datafield>
  <datafield tag="942" ind1=" " ind2=" ">
   <subfield code="2">ddc</subfield>
   <subfield code="c">BK</subfield>
  </datafield>
  <datafield tag="952" ind1=" " ind2=" ">
   <subfield code="0">0</subfield>
   <subfield code="1">0</subfield>
   <subfield code="2">ddc</subfield>
   <subfield code="4">0</subfield>
   <subfield code="6">340_090000000000000_QU250</subfield>
   <subfield code="7">0</subfield>
   <subfield code="9">17306</subfield>
   <subfield code="a">000001</subfield>
   <subfield code="b">000001</subfield>
   <subfield code="d">2019-08-12</subfield>
   <subfield code="o">340.09 Qu250</subfield>
   <subfield code="p">MD.15495</subfield>
   <subfield code="r">2019-08-12</subfield>
   <subfield code="v">136000.00</subfield>
   <subfield code="w">2019-08-12</subfield>
   <subfield code="y">BK</subfield>
  </datafield>
  <datafield tag="952" ind1=" " ind2=" ">
   <subfield code="0">0</subfield>
   <subfield code="1">0</subfield>
   <subfield code="2">ddc</subfield>
   <subfield code="4">0</subfield>
   <subfield code="6">340_090000000000000_QU250</subfield>
   <subfield code="7">0</subfield>
   <subfield code="9">17307</subfield>
   <subfield code="a">000001</subfield>
   <subfield code="b">000001</subfield>
   <subfield code="d">2019-08-12</subfield>
   <subfield code="l">1</subfield>
   <subfield code="o">340.09 Qu250</subfield>
   <subfield code="p">MD.15496</subfield>
   <subfield code="q">2022-02-26</subfield>
   <subfield code="r">2022-02-11</subfield>
   <subfield code="s">2022-02-11</subfield>
   <subfield code="v">136000.00</subfield>
   <subfield code="w">2019-08-12</subfield>
   <subfield code="y">BK</subfield>
  </datafield>
  <datafield tag="952" ind1=" " ind2=" ">
   <subfield code="0">0</subfield>
   <subfield code="1">0</subfield>
   <subfield code="2">ddc</subfield>
   <subfield code="4">0</subfield>
   <subfield code="6">340_090000000000000_QU250</subfield>
   <subfield code="7">0</subfield>
   <subfield code="9">17308</subfield>
   <subfield code="a">000001</subfield>
   <subfield code="b">000001</subfield>
   <subfield code="d">2019-08-12</subfield>
   <subfield code="o">340.09 Qu250</subfield>
   <subfield code="p">MD.15497</subfield>
   <subfield code="r">2019-08-12</subfield>
   <subfield code="v">136000.00</subfield>
   <subfield code="w">2019-08-12</subfield>
   <subfield code="y">BK</subfield>
  </datafield>
  <datafield tag="952" ind1=" " ind2=" ">
   <subfield code="0">0</subfield>
   <subfield code="1">0</subfield>
   <subfield code="2">ddc</subfield>
   <subfield code="4">0</subfield>
   <subfield code="6">340_090000000000000_QU250</subfield>
   <subfield code="7">0</subfield>
   <subfield code="9">17309</subfield>
   <subfield code="a">000001</subfield>
   <subfield code="b">000001</subfield>
   <subfield code="d">2019-08-12</subfield>
   <subfield code="o">340.09 Qu250</subfield>
   <subfield code="p">MD.15499</subfield>
   <subfield code="r">2019-08-12</subfield>
   <subfield code="v">136000.00</subfield>
   <subfield code="w">2019-08-12</subfield>
   <subfield code="y">BK</subfield>
  </datafield>
  <datafield tag="980" ind1=" " ind2=" ">
   <subfield code="a">Thư viện Trường Đại học Nam Cần Thơ</subfield>
  </datafield>
 </record>
</collection>
